Jacques Derrida y las humanidades
Gespeichert in:
| 1. Verfasser: | |
|---|---|
| Format: | Buch |
| Sprache: | Spanisch |
| Veröffentlicht: |
Cuernavaca
Siglo Veintuno
2005
|
| Ausgabe: | 1a. ed |
| Schlagworte: | |
| Tags: |
Tag hinzufügen
Keine Tags, Fügen Sie den ersten Tag hinzu!
|
MARC
| LEADER | 00000nam a2200000 a 4500 | ||
|---|---|---|---|
| 001 | UCH0707 | ||
| 003 | CL-VaPUC | ||
| 008 | 090320e20050000MX |||||||||||||||||spa|d | ||
| 020 | |a 9682325803 | ||
| 082 | 0 | 4 | |a 149 |b COH |2 21 |
| 100 | 0 | |a Cohen, Tom |e author |9 534977 | |
| 245 | 1 | 0 | |a Jacques Derrida y las humanidades |
| 250 | |a 1a. ed | ||
| 300 | |a 414 p | ||
| 942 | |c BK | ||
| 945 | |d 20090320 00:00:00 |a dcastane | ||
| 260 | |a Cuernavaca |b Siglo Veintuno |c 2005 | ||
| 600 | 0 | |a Derrida, Jacques |d 1930-2004 |9 449254 | |
| 650 | 0 | |a Deconstrucción |9 455708 | |
| 650 | 0 | |a Filosofía del lenguaje |9 257082 | |
| 650 | 0 | |a Literatura |9 259151 | |
| 650 | 7 | |a GENERO SEXUAL |2 CL-VaPUC |9 534978 | |
| 650 | 0 | |a Tecnología |9 256742 | |
| 650 | 0 | |a Historia |9 255047 | |
| 650 | 0 | |a Estética |9 264950 | |
| 583 | |a last modification |c 20140403 04:59:22 |k Rodrigo Vera | ||
| 999 | |c 332960 |d 332958 | ||
| 952 | |0 0 |1 0 |4 0 |6 149_000000000000000_COH_2005 |7 0 |8 A |9 421036 |a BIBEDU |b BIBEDU |d 2019-11-22 |i 4523172 |o 149 COH 2005 |p 4523172 |r 2019-11-22 |w 2019-11-22 |y BK |k FIL | ||